Song To Music Artist - Statistics

General Stats
  • This quiz has been taken 126 times
  • The average score is 10 of 20
Answer Stats
Hint Answer % Correct
Somebody That I Used To Know Gotye
84%
Here Comes The Sun The Beatles
83%
Watermelon Sugar Harry Styles
82%
Sweet Dreams (Are Made Of This) Eurythmics
73%
Thinking Out Loud Ed Sheeran
67%
Mr. Brightside The Killers
67%
Holding Out For A Hero Bonnie Tyler
65%
Mr. Blue Sky Electric Light Orchestra
61%
Without Me Eminem
57%
What's My Age Again? Blink-182
50%
We're Not Gonna Take It Twisted Sister
48%
Kingston Town UB40
38%
Dance Wiv Me Dizzee Rascal
33%
Crab Rave Noisestorm
33%
Town Called Malice The Jam
33%
The Spectre Alan Walker
32%
Through The Fire And Flames Dragonforce
31%
Mtc S3RL
24%
Don't Get Lost In Heaven Gorillaz
16%
Nevada Vicetone
14%
No matching quizzes found
Score Distribution
Percent of People with Each Score
Percentile by Number Answered
Your Score History
You have not taken this quiz